| 000 | 01048nam a22003012 4500 | ||
|---|---|---|---|
| 001 | 41981 | ||
| 003 | BD-RjUL | ||
| 005 | 20211209053458.0 | ||
| 008 | 160608s1979 onc b 001 0 eng | ||
| 020 | _a0771008260 | ||
| 035 | _a(BD-RjUL)42099 | ||
| 040 |
_aDLC _cDLC _dBD-RjUL _beng |
||
| 041 | _aeng | ||
| 082 |
_a331.624071 _219 _bAVD 1979 |
||
| 100 | 1 |
_aAvery, Donald _d1938- _9129055 |
|
| 245 | 1 | 0 |
_a"Dangerous foreigners" : _bEuropean immigrant workers and labour radicalism in Canada, 1896-1932 / _cDonald Avery. |
| 260 |
_aToronto : _bMcClelland and Stewart, _c1979. |
||
| 300 |
_a204 p. ; _c21 cm. |
||
| 490 | 1 | _aCanadian social history series | |
| 504 | _aIncludes bibliographical references and index. | ||
| 650 | 0 |
_aMinorities _xEmployment _zCanada _xHistory. _9129056 |
|
| 650 | 0 |
_aForeign workers _zCanada _xHistory. _9129057 |
|
| 650 | 0 |
_aRadicalism _zCanada _xHistory. _9129058 |
|
| 651 | 0 |
_aCanada _xSocial conditions. _9129059 |
|
| 830 | 0 |
_aCanadian social history series. _9129060 |
|
| 942 |
_2ddc _cBK |
||
| 999 |
_c41981 _d41981 |
||